Construcción dogmática del Ministerio Fiscal en el Orden Civil (Record no. 119607)

MARC details
000 -LEADER
campo de control de longitud fija 00830nam a2200205 4500
001 - NÚMERO DE CONTROL
campo de control 119607
003 - IDENTIFICADOR DE NÚMERO DE CONTROL
campo de control ES-MaACL
005 - FECHA Y HORA DE LA ÚLTIMA TRANSACCIÓN
campo de control 20260127062544.0
007 - CAMPO FIJO DE DESCRIPCIÓN FÍSICA--INFORMACIÓN GENERAL
campo de control de longitud fija t|
008 - DATOS DE LONGITUD FIJA--INFORMACIÓN GENERAL
campo de control de longitud fija 070214s1953 sp r ||||1| spa d
100 1# - ENTRADA PRINCIPAL--NOMBRE DE PERSONA
Nombre de persona Pietro Castro, Leonardo.
9 (RLIN) 91977
245 10 - MENCIÓN DEL TÍTULO
Título Construcción dogmática del Ministerio Fiscal en el Orden Civil
Resto del título : discurso /
Mención de responsabilidad, etc. leído por el Excmo. Sr. D. Leonardo Pietro Castro ; y contestación del Excmo. Sr. D. Eloy Montero Gutiérrez.
260 ## - PUBLICACIÓN, DISTRIBUCIÓN, ETC.
Lugar de publicación, distribución, etc. Madrid :
Nombre del editor, distribuidor, etc. [s. n.],
Fecha de publicación, distribución, etc. 1953 (
Fabricante Galo Sèz)
300 ## - DESCRIPCIÓN FÍSICA
Extensión 165 p. ;
Dimensiones 24 cm.
500 ## - NOTA GENERAL
Nota general Precede al tít.: Real Academia de Jurisprudencia y Legislación.
700 1# - ENTRADA AGREGADA--NOMBRE PERSONAL
Nombre de persona Montero Gutiérrez, Eloy.
9 (RLIN) 82525
700 ## - ENTRADA AGREGADA--NOMBRE PERSONAL
Nombre de persona Real Academia de Jurisprudencia y Legislación de España
9 (RLIN) 217612
852 ## - LOCALIZACIÓN
Ubicación ES-MaACL
Número de control de estantería D-9098
Sublocalización o colección R.34368
Holdings
Estatus retirado Estado de pérdida Estado de daño No para préstamo Biblioteca de origen Biblioteca actual Ubicación en estantería Fecha de adquisición Fuente de adquisición Total de préstamos Signatura topográfica completa Código de barras Visto por última vez Precio de reemplazo Tipo de ítem Koha
        Biblioteca del Ateneo de Madrid Biblioteca del Ateneo de Madrid Sala Valle Inclán 17/01/2008     D-9098 901124672 23/02/2023 23/02/2023 Libro impreso